Breves biografías íntimas de grandes filósofos / (Record no. 95380)
[ view plain ]
| 000 -LEADER | |
|---|---|
| campo de control de longitud fija | 00915nam a2200241 i 4500 |
| 001 - NÚMERO DE CONTROL | |
| campo de control | 95380 |
| 003 - IDENTIFICADOR DE NÚMERO DE CONTROL | |
| campo de control | ES-MaACL |
| 005 - FECHA Y HORA DE LA ÚLTIMA TRANSACCIÓN | |
| campo de control | 20250327185622.0 |
| 007 - CAMPO FIJO DE DESCRIPCIÓN FÍSICA--INFORMACIÓN GENERAL | |
| campo de control de longitud fija | t| |
| 008 - DATOS DE LONGITUD FIJA--INFORMACIÓN GENERAL | |
| campo de control de longitud fija | 050527s1952 sp a |||| |cspa d |
| 100 1# - ENTRADA PRINCIPAL--NOMBRE DE PERSONA | |
| Nombre de persona | Lladó, Josep M. |
| 9 (RLIN) | 72646 |
| 245 10 - MENCIÓN DEL TÍTULO | |
| Título | Breves biografías íntimas de grandes filósofos / |
| Mención de responsabilidad, etc. | José Lladó Figueras ; [ilustraciones de Alejandro Coll]. |
| 260 ## - PUBLICACIÓN, DISTRIBUCIÓN, ETC. | |
| Lugar de publicación, distribución, etc. | Barcelona : |
| Nombre del editor, distribuidor, etc. | Molino, |
| Fecha de publicación, distribución, etc. | 1952. |
| 300 ## - DESCRIPCIÓN FÍSICA | |
| Extensión | 235 p. ; |
| Dimensiones | 20 cm. |
| 510 ## - NOTA DE CITAS O REFERENCIAS BIBLIOGRÁFICAS | |
| Nombre de la fuente | CCPB |
| Localización dentro de la fuente | 000989898-0 |
| 650 ## - PUNTO DE ACCESO ADICIONAL DE MATERIA--TÉRMINO DE MATERIA | |
| Término de materia o nombre geográfico como elemento de entrada | Filósofos- |
| Subdivisión general | Biografías. |
| 9 (RLIN) | 165047 |
| 700 1# - ENTRADA AGREGADA--NOMBRE PERSONAL | |
| Nombre de persona | Coll, Alejandro. |
| 9 (RLIN) | 39607 |
| 852 ## - LOCALIZACIÓN | |
| Ubicación | ES-MaACL |
| Número de control de estantería | D-6272 |
| Marcas de propiedad | Sello en tinta azul de la Biblioteca del Ateneo de Madrid |
| itemnumber | 98917 |
| Sublocalización o colección | R.32410 |
| -- | R.M.5867 |
| Anotaciones manuscritas | Anotación manuscrita en cubierta: "56" |
| Ubicación en estantería | Sala Valle Inclán |
| Donativo/Legado | Sello en tinta: "Donativo. 1. AGO. 1952" |
| 942 ## - ELEMENTOS DE ENTRADA SECUNDARIOS (KOHA) | |
| Fuente del sistema de clasificación o colocación | Clasificación decimal universal |
| Tipo de ítem Koha | Libro impreso |
| Estatus retirado | Estado de pérdida | Fuente del sistema de clasificación o colocación | Estado de daño | No para préstamo | Biblioteca de origen | Biblioteca actual | Ubicación en estantería | Fecha de adquisición | Fuente de adquisición | Total de préstamos | Signatura topográfica completa | Código de barras | Visto por última vez | Precio de reemplazo | Tipo de ítem Koha |
|---|---|---|---|---|---|---|---|---|---|---|---|---|---|---|---|
| Clasificación decimal universal | Biblioteca del Ateneo de Madrid | Biblioteca del Ateneo de Madrid | Sala Valle Inclán | 17/01/2008 | Donación | D-6272 | 901099596 | 23/02/2023 | 23/02/2023 | Libro impreso |
